| 000 | 00680nam a2200229Ia 4500 | ||
|---|---|---|---|
| 003 | OSt | ||
| 005 | 20220918201553.0 | ||
| 006 | a|||||r|||| 00| 0 | ||
| 007 | ta | ||
| 008 | 220917b |||||||| |||| 00| 0 eng d | ||
| 024 | _a94,869 | ||
| 037 | _cTextual | ||
| 040 |
_aARTS _cARTS _beng |
||
| 041 |
_2eng _aeng |
||
| 082 | _aX8(M7):97Dy721, N39-M18, M1 | ||
| 100 |
_aMurphy E _999518 |
||
| 245 | 0 |
_aUnions in conflict _b A comparative study of four South Indian textile centres 1918-1939 |
|
| 260 |
_aNew Delhi _bManohar _c1981 |
||
| 650 | _aECONOMICS | ||
| 942 |
_hX8(M7):97Dy721, N39-M18, M1 _cTEXL _2CC |
||
| 999 |
_c218494 _d218494 |
||